Mưu hèn kế bẩn nơi công sở Nghệ thuật nhận biết và phòng tránh "Tiểu nhân " trong công việc

Spremljeno u:
Bibliografski detalji
Glavni autor: Phipps, Mike
Daljnji autori: Alpha (Dịch), Colin Gautreys (Dịch)
Format: Knjiga
Izdano: Hà Nội Lao động xã hội; Công ty cổ phần sách Alpha 2017
Teme:
Oznake: Dodaj oznaku
Bez oznaka, Budi prvi tko označuje ovaj zapis!
Thư viện lưu trữ: Trung tâm Học liệu Lê Vũ Hùng, Trường Đại học Đồng Tháp
LEADER 00892pam a22002298a 4500
001 00042717
005 20181017091020.0
008 141103s2013 ||||||Viesd
020 # # |c 99000  |a 978 604 65 3058 9 
041 0 # |a Vie 
082 1 4 |a 650.13  |b M566H 
100 0 # |a Phipps, Mike 
245 0 0 |a Mưu hèn kế bẩn nơi công sở  |c Mike Phipps; Colin Gautreys (dịch)  |b Nghệ thuật nhận biết và phòng tránh "Tiểu nhân " trong công việc 
260 # # |a Hà Nội  |b Lao động xã hội; Công ty cổ phần sách Alpha  |c 2017 
300 # # |a 308 tr.  |c 21 cm. 
653 # # |a Bí quyết thành công 
653 # # |a Công việc 
700 1 # |a Alpha  |e Dịch 
700 1 # |a Colin Gautreys  |e Dịch 
852 # # |j KM.0026643 
910 |d 17/10/2018 
980 # # |a Trung tâm Học liệu Lê Vũ Hùng, Trường Đại học Đồng Tháp